Personaggi famosi dalla a-z - Statistics

Statistiche generali
  • Questo quiz è stato fatto 573 volte
  • Il punteggio medio è 22 su 26
Statistiche sulle risposte
Indizio Risposta % Corretto
Famoso per il tallone come punto debole A Achille
99%
Ha scritto la divina commedia D Dante
99%
Primo presidente americano di colore O Obama
96%
Uno dei calciatori più forti ad aver portato il numero 7 R Ronaldo
95%
Capitano storico della Roma T Totti
94%
Rapper che ha cantato Rap God E Eminem
93%
Diede fuoco a Roma nel 64 d.C. N Nerone
92%
Si dipinse senza un orecchio V Van Gogh
92%
Portò l'India all'indipendenza G Gandhi
91%
Giustiziere mascherato legato alla lettera z Z Zorro
91%
Cantante italiano ceco B Bocelli
90%
Re d'Italia dal 1878 al 1900 U Umberto I
87%
Il più grande tennista ritiratosi nel 2022 F Federer
86%
Tom _______ ha fatto l'ultimo Spiderman H Holland
86%
Scrisse il "Fu Mattia Pascal" e "Uno, nessuno, centomila" P Pirandello
85%
Pilota Ferrari nella formula 1 L Leclerc
82%
Attore comico inglese che interpretava il suo ruolo da "muto" C Charlie Chaplin
81%
Calciatore svedese I Ibrahimovic
81%
Protagonista del romanzo e del film "Notredame de Paris" Q Quasimodo
76%
Wolverine è uno di loro X X men
76%
Scrisse la metamorfosi K Kafka
74%
Ha combattuto per i diritti civili degli afroamericani M Mandela
74%
Cantante e rapper italiano J J-ax
73%
Era la moglie di John Lennon Y Yoko Ono
71%
Terzo re d'Israele, figlio di Davide S Salomone
68%
Richard ______ compositore tedesco del 1800 W Wagner
59%
Nessun quiz corrispondente trovato
Distribuzione punteggi
Percentuale di utenti per punteggio
Percentile per numero di risposta
I tuoi punteggi nel tempo
Non hai fatto questo quiz